000
00322nam a2200145Ia 4500
100
_a
Ingalbse/ Lon
942
_c
BK
654
_a
Computer
245
_a
Using Computer & Applications Software
260
_b
Maxwell-Macmillan
_a
New York
_c
1991
082
_a
621.38195
300
_a
23
546
_a
ENGLISH
999
_c
28382
_d
28382